Snad to řekne Vám waltz a píseň /

Hlavní autor: Glasspiegel, Adolf, 1910-1956
Další autoři: Hlaváč, Josef, 1902-
Jazyk: Čeština
Vydáno: Praha : Jana Hoffmanna vva., 1936
Edice: Písničky z Prahy
Fyzický popis: [4] s.
Hudebniny Hudebniny
Uloženo v:
LEADER 00840ncm a22002412a 4500
001 001138274
003 CZ BrMZK
005 20220909105327.0
007 qu
008 110209s1936 xr |||||||||||||||||cze d
040 |a BOA001  |b cze 
072 7 |a 784  |x Vokální hudba  |2 Konspekt  |9 9 
100 1 |a Glasspiegel, Adolf,  |d 1910-1956  |7 ola200207195  |4 cmp 
245 1 0 |a Snad to řekne Vám  |h [hudebnina] :  |b waltz a píseň /  |c hudba Adolf Glasspiegel ; slova Josef Hlaváč 
260 |a Praha :  |b Jana Hoffmanna vva.,  |c 1936 
300 |a [4] s. 
490 1 |a Písničky z Prahy ;  |v č. 192 
700 1 |a Hlaváč, Josef,  |d 1902-  |7 jk01041181  |4 lyr 
830 0 |a Písničky z Prahy 
910 |a BOA001  |b Mus1-0173.020,192 
990 |a MU 
991 |b 201102 
996 6 |b 2619354486  |c Mus1-0173.020,192  |l MZK  |r Sklad / do 1 hodiny  |n 0  |w 001169117  |u 000010  |a 1  |e BOA001  |j MZK50  |s P